000 00564nam a2200193 a 4500
001 000017508
003 DO-SdBNP
005 20250626112415.0
008 100326s2000 dr 000 0 spa d
020 _a9993444065
040 _aDO-SdBNP
_bspa
_cBNPHU
049 _aBNPD
082 _axxxx
_bF634e
100 1 _aFlores, Bienvenido Antonio
_938234
245 1 0 _aEstructura algebraica y sistemas numéricos sin maestro /
_cBienvenido Antonio Flores.
260 _aMoca, República Dominicana :
_bDalis,
_c2000.
300 _a80 p. ;
_c15 cm.
942 _2ddc
_cLBS1
999 _c17033
_d17033